[Event "JAF 1"]
[Site "http://www.queenalice.com/game.php?id=450276"]
[Date "2008.8.19"]
[Round "-"]
[White "Lestat"]
[Black "whiterookie"]
[Result "0-1"]
[WhiteElo "1573"]
[BlackElo "1523"]

1. e4 e5 2. Nf3 Nc6 3. Nc3 Bc5 4. Bc4 Qf6 5. d3 h6 6. Nd5 Qd8 7. O-O Nf6 8.
Nxf6+ Qxf6 9. Qe2 d6 10. Be3 Bg4 11. h3 Bh5 12. Bxc5 dxc5 13. a3 Nd4 14. Qd1
Nxf3+ 15. gxf3 Bxf3 16. Qd2 Qg6+ 0-1

[Event "Chall 008"]
[Site "http://www.queenalice.com/game.php?id=450349"]
[Date "2008.8.19"]
[Round "-"]
[White "grazo"]
[Black "whiterookie"]
[Result "1-0"]
[WhiteElo "1839"]
[BlackElo "1413"]

1. Nf3 b6 2. e4 Bb7 3. d3 g6 4. Nc3 Bg7 5. Bd2 Nc6 6. a3 Nf6 7. d4 O-O 8. h3 d6
9. Bd3 e6 10. Bg5 h6 11. Bh4 e5 12. d5 Ne7 13. g4 g5 14. Nxg5 hxg5 15. Bxg5 Nh7
16. Bh4 1-0

[Event "AUTO-INT-1034"]
[Site "http://www.queenalice.com/game.php?id=461973"]
[Date "2008.9.12"]
[Round "1"]
[White "therota2"]
[Black "whiterookie"]
[Result "0-1"]
[WhiteElo "1433"]
[BlackElo "1499"]

1. d4 d5 2. Nc3 Nf6 3. Bf4 a6 4. Nf3 Nc6 5. h3 Bf5 6. g4 Bg6 7. Ng5 Nb4 8. Rc1
h6 9. Nf3 Qd7 10. e3 e6 11. Ne5 Qe7 12. Qd2 Ne4 13. Qd1 Nxc3 14. bxc3 Nxa2 15.
Ra1 Nxc3 16. Qd2 Ne4 17. Qa5 Qh4 18. Qa4+ c6 19. Bg3 Nxg3 20. Nxc6 b5 21. Qb4
Bxb4+ 22. Nxb4 Nxh1 23. Ra5 Qxf2+ 24. Kd1 Qxf1+ 25. Kd2 O-O 0-1

[Event "AUTO-INT-1034"]
[Site "http://www.queenalice.com/game.php?id=461974"]
[Date "2008.9.12"]
[Round "1"]
[White "whiterookie"]
[Black "therota2"]
[Result "1-0"]
[WhiteElo "1553"]
[BlackElo "1433"]

1. e4 e5 2. Bc4 Qg5 3. Qf3 Nh6 4. Nh3 Qh4 5. d3 Bc5 6. Bxh6 gxh6 7. Qxf7+ Kd8 8.
Nd2 Rf8 9. Nf3 Qg4 10. Qxh7 Qxg2 11. O-O-O Qxh3 12. Nxe5 Bxf2 13. Ng6 Re8 14.
Bf7 d6 15. Bxe8 Nc6 16. Bxc6 Qe6 17. Bd5 Qf6 18. Qg8+ Kd7 19. Nf8+ Ke7 20. Ng6+
Kd7 21. Qh7+ Kd8 22. Rdf1 c6 23. Qg8+ Kc7 24. Bf7 Qd4 25. Qf8 b5 26. Qe7+ Kb6
27. Qd8+ Kc5 28. Kb1 a5 29. Ne7 a4 30. a3 b4 31. axb4+ Kb5 32. Bc4+ Kxb4 33.
Nxc6+ 1-0

[Event "AUTO-INT-1034"]
[Site "http://www.queenalice.com/game.php?id=461989"]
[Date "2008.9.12"]
[Round "1"]
[White "plano99"]
[Black "whiterookie"]
[Result "0-1"]
[WhiteElo "1442"]
[BlackElo "1533"]

1. Nf3 d5 2. d4 Bf5 3. Nc3 Nf6 4. Bf4 a6 5. e3 Nc6 6. Bd3 Bxd3 7. cxd3 e6 8. e4
dxe4 9. dxe4 Nb4 10. d5 exd5 11. exd5 Nfxd5 12. Nxd5 Nxd5 13. Qd2 Bb4 14. Qxb4
Nxb4 15. Rd1 Qf6 16. Rd4 Nc2+ 17. Kd2 Nxd4 18. Kd3 Qxf4 19. Nxd4 O-O-O 20. g3
Qxd4+ 21. Ke2 Qe4+ 22. Kf1 Qxh1+ 23. Ke2 Rhe8# 0-1

[Event "AUTO-INT-1034"]
[Site "http://www.queenalice.com/game.php?id=461990"]
[Date "2008.9.12"]
[Round "1"]
[White "whiterookie"]
[Black "plano99"]
[Result "1-0"]
[WhiteElo "1549"]
[BlackElo "1378"]

1. e4 e5 2. Bc4 Nf6 3. Nc3 Nc6 4. Nf3 Bc5 5. Ng5 d5 6. exd5 Nxd5 7. d3 h6 8.
Bxd5 hxg5 9. Qf3 Be6 10. Bxc6+ Bd7 11. Bxb7 Rb8 12. Bd5 Qe7 13. Bc4 Qf6 14. Qxf6
gxf6 15. Ne4 Bd4 16. Nxf6+ Ke7 17. Bxg5 Be6 18. Bxe6 Kxe6 19. c3 Bc5 20. Ne4 Bd6
21. b3 Kf5 22. f3 Bc5 23. h4 Kg6 24. Nxc5 f6 25. Be3 a5 26. g4 c6 27. h5+ Kf7
28. g5 1-0

[Event "AUTO-INT-1034"]
[Site "http://www.queenalice.com/game.php?id=461999"]
[Date "2008.9.12"]
[Round "1"]
[White "billymc"]
[Black "whiterookie"]
[Result "1-0"]
[WhiteElo "1429"]
[BlackElo "1570"]

1. e4 b6 2. e5 e6 3. d4 Bb7 4. Nf3 Ne7 5. Bd3 Nd5 6. c4 Nf4 7. O-O Nxd3 8. Qxd3
Nc6 9. Bg5 f6 10. exf6 gxf6 11. Bh4 Nb4 12. Qd2 Be4 13. a3 Nc2 14. Ra2 Qe7 15.
b4 Bxf3 16. gxf3 Rg8+ 17. Bg3 Nxd4 18. Qxd4 d6 19. Nc3 c5 20. bxc5 O-O-O 21. Re1
dxc5 22. Qf4 e5 23. Qf5+ Kb7 24. Qe4+ Ka6 25. Nd5 Qg7 26. Nb4+ Ka5 27. a4 cxb4
28. Rb1 Rd4 29. Qc6 Ka6 30. a5 1-0

[Event "AUTO-INT-1034"]
[Site "http://www.queenalice.com/game.php?id=462000"]
[Date "2008.9.12"]
[Round "1"]
[White "whiterookie"]
[Black "billymc"]
[Result "1-0"]
[WhiteElo "1538"]
[BlackElo "1451"]

1. e4 e5 2. Bc4 Nf6 3. Nc3 Bb4 4. Nf3 c6 5. Ng5 d5 6. exd5 cxd5 7. Bb5+ Nc6 8.
a3 Bxc3 9. dxc3 Ng4 10. Qf3 f6 11. Nh3 a6 12. Ba4 b5 13. Bb3 Qd6 14. Bxd5 Bb7
15. O-O Nd4 16. Qxg4 Bxd5 17. cxd4 Be6 18. Qxg7 O-O-O 19. dxe5 Qd1 20. Be3 Qd5
21. Qa7 Rhg8 22. Qxa6+ Kd7 23. Nf4 Rxg2+ 24. Nxg2 Qf3 25. Qxb5+ Ke7 26. exf6+
Kf7 27. Qc5 Bh3 28. Qe7+ Kg6 29. Qg7+ Kf5 30. Nh4+ 1-0

[Event "Challenge"]
[Site "http://www.queenalice.com/game.php?id=464968"]
[Date "2008.9.18"]
[Round "-"]
[White "Archer"]
[Black "whiterookie"]
[Result "1-0"]
[WhiteElo "1533"]
[BlackElo "1556"]

1. e4 e5 2. Nf3 Nc6 3. Bc4 h6 4. d4 exd4 5. Nxd4 Nxd4 6. Qxd4 Nf6 7. O-O Qe7 8.
Nc3 d6 9. b4 Be6 10. Bxe6 fxe6 11. b5 e5 12. Qa4 Nd7 13. Nd5 Qd8 14. Be3 b6 15.
h3 g5 16. g3 Be7 17. Rac1 Nf6 18. Nxe7 Qxe7 19. g4 d5 20. c4 d4 21. Bd2 Nxe4 22.
Bb4 Nc5 23. Bxc5 Qxc5 24. Rfe1 O-O 25. Qc2 Rf6 26. Re4 Qd6 27. Rce1 Re8 28. Qa4
d3 29. Qb3 Kg7 30. Rd1 d2 31. Re2 Qc5 32. Rdxd2 e4 33. Rd7+ Kg6 34. a4 h5 35.
gxh5+ Kxh5 36. Qd1 e3 37. Rxe3+ Kh6 38. Rxe8 Qxf2+ 39. Kh1 Qg3 40. Rh8+ Kg6 41.
Qh5+ Kf5 42. Rd5+ Kf4 43. Qg4+ Qxg4 44. hxg4 Kxg4 45. Rg8 Rf1+ 46. Kg2 Rf3 47.
Rgxg5+ Kf4 48. Rdf5+ 1-0

[Event "Let's Play Chess!"]
[Site "http://www.queenalice.com/game.php?id=508791"]
[Date "2008.12.17"]
[Round "-"]
[White "widdlytinks"]
[Black "whiterookie"]
[Result "1-0"]
[WhiteElo "1726"]
[BlackElo "1548"]

1. e4 b6 2. Nf3 Bb7 3. Nc3 g6 4. d4 Bg7 5. e5 e6 6. Bg5 f6 7. exf6 Nxf6 8. Bd3
Nc6 9. O-O d6 10. Re1 Qd7 11. Bxf6 Bxf6 12. d5 Nb4 13. Rxe6+ Kf7 14. Qd2 Nxd5
15. Nxd5 Bxd5 16. Rxf6+ Kxf6 17. Qg5+ Kg7 18. Qxd5 h5 19. Ne5 Qe7 20. Nxg6 Qf6
21. Nxh8 Rxh8 22. Re1 Rf8 23. Re2 h4 24. h3 a5 25. Qe6 Qxb2 26. Qg6+ 1-0

[Event "Let's Play Chess!"]
[Site "http://www.queenalice.com/game.php?id=508792"]
[Date "2008.12.17"]
[Round "-"]
[White "whiterookie"]
[Black "widdlytinks"]
[Result "1-0"]
[WhiteElo "1523"]
[BlackElo "1768"]

1. e4 d5 2. exd5 c6 3. dxc6 Nxc6 4. Bc4 e6 5. Nf3 Bc5 6. Nc3 Bxf2+ 7. Kxf2 Nf6
8. h3 Nd4 9. Ne5 O-O 10. d3 Nxc2 11. Qxc2 Qd4+ 12. Be3 Qxe5 13. Rhe1 Nh5 14. Bd2
Qg3+ 15. Kg1 Nf4 16. Bxf4 Qxf4 17. Re4 Qg5 18. Rg4 Qc5+ 19. Kh1 a6 20. Ne4 Qe7
21. Qd2 f5 22. Rg3 fxe4 23. dxe4 Rd8 24. Qf4 b5 25. Bb3 Rf8 26. Qe3 Kh8 27. e5
Bb7 28. Qd4 Rad8 29. Qb6 Rf5 30. Re1 Qb4 31. Qxd8+ Rf8 32. Qd1 Bd5 33. Bxd5 exd5
34. e6 d4 35. Rg4 Qxb2 36. e7 Re8 37. Rf4 Qxa2 38. Rf8+ 1-0

[Event "AUTO-INT-1034"]
[Site "http://www.queenalice.com/game.php?id=515758"]
[Date "2009.1.1"]
[Round "2"]
[White "whiterookie"]
[Black "Rosberg"]
[Result "0-1"]
[WhiteElo "1542"]
[BlackElo "2234"]

1. e4 c5 2. Bc4 e6 3. Nf3 Nc6 4. d4 cxd4 5. Nxd4 Qh4 6. Nc3 Bb4 7. O-O Bxc3 8.
bxc3 Nge7 9. Re1 Ne5 10. Nf3 Nxf3+ 11. Qxf3 Ng6 12. Qe3 b6 13. Ba3 Ne5 14. Bb3
Ng4 15. Qg3 Qxg3 16. hxg3 Bb7 17. f3 Ne5 18. Bd6 f6 19. f4 Nf7 20. Bb4 a5 21.
Ba3 b5 22. f5 Bc8 23. fxe6 dxe6 24. Bxe6 Bxe6 25. Re3 Ne5 26. Rd1 Nc4 27. Red3
Nxa3 28. Rd6 Kf7 29. Kf2 Rhc8 30. Rb6 Rxc3 31. Rdd6 Rxc2+ 32. Kf3 Re8 33. Rb7+
Kg6 34. Ra7 Nc4 35. Rda6 Rxa2 36. Rb7 Ne5+ 37. Kf4 Rd8 38. Rxb5 Rf2+ 39. Ke3
Ng4# 0-1

[Event "AUTO-INT-1034"]
[Site "http://www.queenalice.com/game.php?id=515759"]
[Date "2009.1.1"]
[Round "2"]
[White "Rosberg"]
[Black "whiterookie"]
[Result "1-0"]
[WhiteElo "2233"]
[BlackElo "1542"]

1. e4 b6 2. d4 Bb7 3. Bd3 g6 4. Nf3 Bg7 5. O-O d6 6. Nc3 Nf6 7. e5 dxe5 8. dxe5
Nfd7 9. Bf4 e6 10. Qe2 Nc5 11. Bb5+ c6 12. Bc4 O-O 13. Qe3 Nbd7 14. Bh6 Bxh6 15.
Qxh6 f6 16. exf6 Qxf6 17. Ng5 Qg7 18. Qh4 b5 19. Bxe6+ Nxe6 20. Nxe6 Qf6 21. Qh3
Rf7 22. Ne4 Qxb2 23. Nd6 Rf6 24. Nxb7 Qxc2 25. Nd4 Qd2 26. Nb3 Qd5 27. Rad1 Qh5
28. Qxh5 gxh5 29. Rxd7 h4 30. Nd4 a6 31. Nd8 c5 32. N4e6 Rg6 33. Re1 h3 34. Nf4
1-0

[Event "AUTO-INT-1034"]
[Site "http://www.queenalice.com/game.php?id=515760"]
[Date "2009.1.1"]
[Round "2"]
[White "whiterookie"]
[Black "prof_zeco"]
[Result "0-1"]
[WhiteElo "1551"]
[BlackElo "1760"]

1. e4 c5 2. Bc4 Nc6 3. Nf3 e6 4. d4 d5 5. exd5 exd5 6. Bb5 Bd7 7. Nc3 Nf6 8.
dxc5 Bxc5 9. Qe2+ Be7 10. Bf4 O-O 11. O-O-O Be6 12. h4 Bg4 13. Qd3 Nb4 14. Qd4
b6 15. a3 a6 16. Bd3 Bc5 17. Qe5 Re8 18. Qg5 h6 19. Qxg7+ Kxg7 20. Ne2 Nxd3+ 21.
cxd3 Rxe2 22. Ne5 Rxf2 23. d4 Bxd1 24. Rxd1 Bd6 25. g3 Qc7+ 26. Kb1 Qc2+ 0-1

[Event "AUTO-INT-1034"]
[Site "http://www.queenalice.com/game.php?id=515761"]
[Date "2009.1.1"]
[Round "2"]
[White "prof_zeco"]
[Black "whiterookie"]
[Result "1-0"]
[WhiteElo "1758"]
[BlackElo "1560"]

1. d4 b6 2. e4 Bb7 3. Nc3 g6 4. Bf4 Bg7 5. Qd2 d6 6. O-O-O Nc6 7. Bb5 Nf6 8. d5
Qd7 9. Nf3 e5 10. Bxe5 Nxe4 11. Nxe4 Bxe5 12. Nxe5 Qg4 13. Nxg4 O-O 14. Qh6 f5
15. Ngf6+ Kf7 16. Qxh7# 1-0

[Event "Let's Play Chess!"]
[Site "http://www.queenalice.com/game.php?id=537784"]
[Date "2009.2.9"]
[Round "-"]
[White "CampbellMarcel"]
[Black "whiterookie"]
[Result "0-1"]
[WhiteElo "1291"]
[BlackElo "1560"]

1. e4 e5 2. f4 exf4 3. Nf3 Bc5 4. d4 Bb4+ 5. c3 Ba5 6. b4 Bb6 7. Bc4 Nf6 8. e5
Nh5 9. a4 a5 10. O-O axb4 11. cxb4 h6 12. a5 Ba7 13. Qb3 O-O 14. Kh1 Nc6 15. d5
Nd4 16. Nxd4 Bxd4 0-1

[Event "AUTO-INT-1199"]
[Site "http://www.queenalice.com/game.php?id=538079"]
[Date "2009.2.10"]
[Round "1"]
[White "edgarmribeiro"]
[Black "whiterookie"]
[Result "1-0"]
[WhiteElo "1564"]
[BlackElo "1519"]

1. Nf3 d5 2. d3 Bf5 3. d4 Nc6 4. Qd2 e6 5. a3 Bd6 6. e3 Nf6 7. h3 Qe7 8. Qc3 Nb4
9. Bd3 Ne4 10. Qb3 Nxd3+ 11. cxd3 Nf6 12. Qxb7 O-O 13. Qa6 Nd7 14. h4 h6 15.
Nfd2 Nb6 16. g3 c5 17. b3 cxd4 18. exd4 Bxd3 19. Qxd3 e5 20. O-O e4 21. Qe2 f5
22. a4 f4 23. a5 fxg3 24. fxg3 Bxg3 25. Rxf8+ Rxf8 26. Qg4 Bxh4 27. Nf1 Bf2+ 28.
Kg2 Bxd4 29. Ra2 1-0

[Event "AUTO-INT-1199"]
[Site "http://www.queenalice.com/game.php?id=538080"]
[Date "2009.2.10"]
[Round "1"]
[White "whiterookie"]
[Black "edgarmribeiro"]
[Result "0-1"]
[WhiteElo "1534"]
[BlackElo "1549"]

1. e4 e5 2. Bc4 Qf6 3. Nf3 Qg6 4. O-O Qxe4 5. d3 Qf5 6. Nxe5 Kd8 7. Nxf7+ Ke8 8.
Re1+ Be7 9. Nxh8 d5 10. Bb3 Kf8 11. Re3 Nf6 12. Rf3 Qe6 13. Nc3 c6 14. Na4 Kg8
15. Nc5 Bxc5 16. c3 Kxh8 17. d4 Bd6 18. Re3 Ne4 19. Qf3 Qh6 20. h3 Bd7 21. Rxe4
Qg6 22. Re2 Na6 23. Bc2 Qf6 24. Qh5 h6 25. Re3 Rf8 26. Rf3 Qe7 27. Re3 Qf6 28.
Rf3 Qe7 0-1

[Event "AUTO-INT-1199"]
[Site "http://www.queenalice.com/game.php?id=538095"]
[Date "2009.2.10"]
[Round "1"]
[White "doomedbr"]
[Black "whiterookie"]
[Result "1-0"]
[WhiteElo "1754"]
[BlackElo "1549"]

1. e3 e5 2. d3 d5 3. c4 dxc4 4. Qa4+ Nc6 5. Qxc4 Be6 6. Qc2 Qf6 7. Ne2 O-O-O 8.
Nbc3 Nb4 9. Qa4 Kb8 10. Nb5 a6 11. Nec3 Bd7 12. a3 Nc2+ 13. Kd2 Nxa1 14. Ne4 Qe7
15. Ke1 Bxb5 16. Qd1 Qd7 17. Be2 Bxd3 18. Bxd3 Qxd3 19. Qxd3 Rxd3 20. Ke2 Rd8
21. Ng5 Nh6 22. Nf3 Nb3 23. Nxe5 f6 24. Nf3 g5 25. Nd2 Nc5 26. Nc4 Nb3 27. Nd2
Nxc1+ 28. Rxc1 Bd6 29. g3 Rhe8 30. Nc4 Nf7 31. b4 Ne5 32. h3 Nxc4 33. Rxc4 Re7
34. h4 gxh4 35. Rxh4 Red7 36. Kf3 Be5 37. g4 Rd3 38. Rxh7 Rxa3 39. Ke4 Ra4 40.
g5 Rxb4+ 41. Kf5 Rd6 42. g6 Rd8 43. g7 Rg8 44. Rh8 Rxh8 45. gxh8=Q+ Ka7 46. Qd8
a5 47. f4 Bd6 48. Qxf6 Rb5+ 49. Kg4 a4 50. Qd4+ b6 51. Qxa4+ Ra5 52. Qd7 Ra3 53.
e4 Kb7 54. e5 Bxe5 55. fxe5 Re3 56. Qd5+ Ka6 57. Qc4+ Ka7 58. Qxc7+ Ka6 59. Qc8+
Ka5 60. e6 b5 61. Qc7+ Ka4 62. Qf4+ 1-0

[Event "AUTO-INT-1199"]
[Site "http://www.queenalice.com/game.php?id=538096"]
[Date "2009.2.10"]
[Round "1"]
[White "whiterookie"]
[Black "doomedbr"]
[Result "1/2-1/2"]
[WhiteElo "1513"]
[BlackElo "1764"]

1. e4 e6 2. d4 c6 3. Bf4 d6 4. Bc4 Nd7 5. Nf3 Ne7 6. Nc3 Ng6 7. Bg3 Nb6 8. Bb3
Be7 9. Qd2 h6 10. O-O-O Qd7 11. e5 Bg5 12. Nxg5 hxg5 13. Qxg5 Nd5 14. Nxd5 cxd5
15. exd6 Qd8 16. Ba4+ Bd7 17. Bxd7+ Qxd7 18. h4 Rg8 19. h5 Nh8 20. h6 Ng6 21. h7
Rh8 22. Rd3 Rc8 23. c3 Qd8 24. Qxd8+ Rxd8 25. b3 Nf8 26. Be5 f6 27. Bf4 g5 28.
Bg3 Rd7 29. c4 dxc4 30. bxc4 Rdxh7 31. Rxh7 Rxh7 32. Re3 f5 33. f4 gxf4 34. Bxf4
Rh1+ 35. Kb2 Rh4 36. Be5 Nd7 37. Rh3 Nxe5 38. dxe5 Rxc4 39. Rh7 Rb4+ 40. Ka1 Kd8
41. Re7 Re4 42. Rxe6 Re2 43. g3 b5 44. Re7 b4 45. e6 a5 46. Rd7+ Ke8 47. Ra7
Rxe6 48. d7+ Kd8 49. Rxa5 Re3 50. Rxf5 Rxg3 51. Rb5 Kxd7 52. Rxb4 Kc6 53. a4 Kc5
54. Rb5+ Kc4 55. Ka2 Rg2+ 56. Ka3 Rg3+ 57. Kb2 Rg2+ 58. Ka3 Rg3+ 59. Ka2 Rg2+
60. Ka3 1/2-1/2

[Event "AUTO-INT-1199"]
[Site "http://www.queenalice.com/game.php?id=538107"]
[Date "2009.2.10"]
[Round "1"]
[White "whiterookie"]
[Black "ReidoBaralho"]
[Result "1-0"]
[WhiteElo "1542"]
[BlackElo "1585"]

1. e4 e5 2. Bc4 Nf6 3. Nc3 Bc5 4. h3 c6 5. Nf3 d6 6. Ng5 d5 7. exd5 cxd5 8. Nxd5
Nxd5 9. Qf3 Be6 10. Nxe6 fxe6 11. Qh5+ g6 12. Qxe5 Rf8 13. d4 Qa5+ 14. Bd2 Bb4
15. O-O-O Nc6 16. Qxe6+ Nde7 17. d5 Nd4 18. Qe4 O-O-O 19. Qxd4 b5 20. Be2 Qxa2
21. Bxb4 Qa1+ 22. Kd2 Rxd5 23. Qxd5 Nxd5 24. Rxa1 Nxb4 25. Rxa7 Kb8 26. Rxh7
Rxf2 27. Ke3 Rxg2 28. Rf1 Rg3+ 29. Kd2 Nc6 30. Rf8+ Nd8 31. Rxd8# 1-0

[Event "AUTO-INT-1199"]
[Site "http://www.queenalice.com/game.php?id=538108"]
[Date "2009.2.10"]
[Round "1"]
[White "ReidoBaralho"]
[Black "whiterookie"]
[Result "1-0"]
[WhiteElo "1539"]
[BlackElo "1565"]

1. e4 e5 2. Qh5 Qf6 3. d4 exd4 4. Bc4 g6 5. Qe2 Bb4+ 6. c3 dxc3 7. bxc3 Bxc3+ 8.
Nxc3 Qxc3+ 9. Qd2 Qxa1 10. Ke2 Qg7 11. Bb2 Nf6 12. Qg5 Qf8 13. Qxf6 Rg8 14. Nf3
d5 15. Bxd5 Nd7 16. Qg5 c6 17. Bc4 b5 18. Bb3 Nc5 19. Ba3 Ba6 20. Bxc5 Qxc5 21.
Qxc5 b4+ 22. Ke3 Bb5 23. Qe5+ Kd8 24. Rd1+ Kc8 25. Bxf7 Rf8 26. Qe7 Rxf7 27.
Qxf7 c5 28. Qe6+ Kc7 29. Qd6+ Kb7 30. Qxc5 Ka6 31. Rd6+ Ka5 32. Qc7+ Ka4 33. Nd4
a6 34. Qc2+ Ka5 35. Nb3+ Ka4 36. Qc7 a5 37. Nc5+ Ka3 38. Qb7 Rh8 39. Qxb5 Ra8
40. Qa4+ Kb2 41. Qb3+ Ka1 42. Rd1# 1-0

[Event "Challenge"]
[Site "http://www.queenalice.com/game.php?id=543646"]
[Date "2009.2.20"]
[Round "-"]
[White "mandacaru"]
[Black "whiterookie"]
[Result "1-0"]
[WhiteElo "1572"]
[BlackElo "1539"]

1. e4 e5 2. Nf3 Nc6 3. Bb5 a6 4. Bxc6 dxc6 5. d4 exd4 6. Qxd4 Qxd4 7. Nxd4 Bc5
8. Nb3 Bb6 9. Nc3 Nf6 10. O-O Be6 11. e5 Ng4 12. Nd1 Nxe5 13. Re1 f6 14. Bf4
O-O-O 15. Bxe5 fxe5 16. Rxe5 Bd5 17. Nc3 Rhf8 18. Rf1 Rd6 19. Ne4 Rg6 20. g3 Rg4
21. Nbd2 Bd4 22. Re7 h5 23. h3 Rg6 24. Kh2 Kd8 25. Re1 Bxb2 26. Nc5 Rxf2+ 27.
Kg1 Rf8 28. Nxb7+ Kc8 29. Nc5 Rxg3+ 30. Kh2 Rg2+ 31. Kh1 Rxd2+ 32. Kg1 Bd4+ 33.
R1e3 Bxe3+ 34. Rxe3 Rff2 35. Re8# 1-0

[Event "Challenge"]
[Site "http://www.queenalice.com/game.php?id=557357"]
[Date "2009.3.17"]
[Round "-"]
[White "ORNELAS"]
[Black "whiterookie"]
[Result "1-0"]
[WhiteElo "1656"]
[BlackElo "1524"]

1. d4 e5 2. dxe5 f6 3. Nf3 Nc6 4. exf6 Nxf6 5. Bg5 Bc5 6. e3 O-O 7. c3 h6 8. Bh4
d6 9. b4 Bb6 10. g3 Bg4 11. Bg2 Qe8 12. O-O Ne5 13. a4 a5 14. Nbd2 axb4 15. cxb4
Rxa4 16. Rxa4 Nd3 17. Nc4 Ne4 18. Qxd3 Bxf3 19. Nxb6 cxb6 20. Bxf3 Qxa4 21. Qxe4
Qa6 22. Qe6+ Kh8 23. Bd5 Qa4 24. Be7 Re8 25. Bxb7 Qxb4 26. Qf7 1-0